000
00320pab a2200133 454500
008
180718b1983 xxu||||| |||| 00| 0 eng d
100
_a
Murray, C.H.
245
_a
Irish government further observed
260
_c
1983
300
_a
284-99
650
_a
Ireland - Government
773
_a
Administration
909
_a
11352
999
_c
11352
_d
11352